| 000 | 01106nmc a2200421 a 4500 | ||
|---|---|---|---|
| 003 | AR-BaBNM | ||
| 005 | 20251128205546.0 | ||
| 008 | 288019s1987 ||||||||||||||000 | spa|| | ||
| 020 | _a950-12-6661-3 | ||
| 040 | _cAR-BaBNM | ||
| 100 | 1 | _aAriès, Philippe | |
| 245 | 1 | 0 | _aSexualidades occidentales |
| 250 | _a1ª ed. | ||
| 260 |
_aBuenos Aires _bPaidós _c1987 |
||
| 300 | 0 | _a306 p. | |
| 490 | 0 |
_aPaidós studio _vv. 61 |
|
| 500 | 0 | _aContiene referencias bibliográficas en notas a pie de página | |
| 650 | 4 | _aSOCIOLOGIA CULTURAL | |
| 650 | 4 | _aCOMPORTAMIENTO SEXUAL | |
| 650 | 4 | _aHOMOSEXUALIDAD | |
| 650 | 4 | _aMATRIMONIO | |
| 650 | 4 | _aPSICOANALISIS | |
| 650 | 4 | _aEDAD MEDIA | |
| 650 | 4 | _aHISTORIA SOCIAL | |
| 650 | 4 | _aSEXUALIDAD | |
| 650 | 4 | _aVALORES MORALES | |
| 650 | 4 | _aESTUDIOS CULTURALES | |
| 650 | 4 | _aVALORES SOCIALES | |
| 650 | 4 | _aPSICOLOGIA | |
| 650 | 4 | _aPROSTITUCION | |
| 651 | 4 | _aFrancia | |
| 653 | _aEROTISMO | ||
| 700 | 1 | _aBéjin, André | |
| 700 | 1 | _aFoucault, Michel | |
| 700 | 1 |
_aGarcía Velasco, Carlos _etraductor |
|
| 942 | _cBK | ||
| 998 | _cSILVI | ||
| 999 |
_c11884 _d11884 |
||